| 000 | 00897nam a2200289Ia 4500 | ||
|---|---|---|---|
| 008 | 170203s9999 xx 000 0 und d | ||
| 020 | _a0-48627294x | ||
| 050 | _aFic | ||
| 050 | _bB275s | ||
| 100 | _aO'Connor, Daniel. | ||
| 245 | 4 | _aThe story of Peter Pan / | |
| 245 | _cJames M. Barrie ; adapted by Daniel O'Connor ; original illustrations by Alice B. Woodward ; full-page plates adapted by Thea Kliros. | ||
| 260 | _aNew York : | ||
| 260 | _bDover Publications, | ||
| 260 | _c1992 | ||
| 300 | _avi, 90 pages : | ||
| 300 | _billustrations ; | ||
| 300 | _c22 cm. | ||
| 440 | _aDover children's thrift classics. | ||
| 500 | _aFantasy -- | ||
| 650 | _aChildren's stories. | ||
| 650 | _aJuvenile fiction. | ||
| 650 | _xEnglish fiction -- | ||
| 650 | _xFantasy. | ||
| 700 | _aBarrie, James M., original author. | ||
| 700 | _aWoodward, Alice B., original illustrator. | ||
| 999 |
_c306578 _d306578 |
||